Logo CIB grande

UNIVERSIDAD-SECTOR PRODUCTIVO, NUEVAS FORMAS DE VINCULACION: PARQUES TECNOLOGICOS E INCUBADORAS (Registro nro. 194960)

Detalles MARC
000 -LEADER
campo de control de longitud fija 00702nam a2200265Ia 4500
005 - FECHA Y HORA DE LA ÚLTIMA TRANSACCIÓN
campo de control 20250425160727.0
008 - DATOS DE LONGITUD FIJA--INFORMACIÓN GENERAL
campo de control de longitud fija 250425s9999 xx 000 0 und d
020 ## - NÚMERO INTERNACIONAL ESTÁNDAR DEL LIBRO
Número Internacional Estándar del Libro 9567106177
041 ## - CÓDIGO DE IDIOMA
Código de lengua del texto/banda sonora o título independiente spa
043 ## - CÓDIGO DE ÁREA GEOGRÁFICA
Código de área geográfica cl
082 ## - NÚMERO DE LA CLASIFICACIÓN DECIMAL DEWEY
Número de clasificación 378.8
010 ## - NÚMERO DE CONTROL DE LA BIBLIOTECA DEL CONGRESO
Número de control de LC 3643
100 ## - ENTRADA PRINCIPAL--NOMBRE DE PERSONA
Nombre de persona MARTINEZ PAVEZ, CARLOS
245 #0 - MENCIÓN DEL TÍTULO
Título UNIVERSIDAD-SECTOR PRODUCTIVO, NUEVAS FORMAS DE VINCULACION: PARQUES TECNOLOGICOS E INCUBADORAS
250 ## - MENCION DE EDICION
Mención de edición 1A ED.
260 ## - PUBLICACIÓN, DISTRIBUCIÓN, ETC.
Lugar de publicación, distribución, etc. Chile
Nombre del editor, distribuidor, etc. CINDA
Fecha de publicación, distribución, etc. 1993
260 ## - PUBLICACIÓN, DISTRIBUCIÓN, ETC.
Lugar de publicación, distribución, etc. SANTIAGO DE CHILE
300 ## - DESCRIPCIÓN FÍSICA
Extensión 106
650 ## - PUNTO DE ACCESO ADICIONAL DE MATERIA--TÉRMINO DE MATERIA
Término de materia o nombre geográfico como elemento de entrada EDUCACION SUPERIOR
650 ## - PUNTO DE ACCESO ADICIONAL DE MATERIA--TÉRMINO DE MATERIA
Término de materia o nombre geográfico como elemento de entrada PARQUES TECNOLOGICOS
650 ## - PUNTO DE ACCESO ADICIONAL DE MATERIA--TÉRMINO DE MATERIA
Término de materia o nombre geográfico como elemento de entrada TECNOLOGIA Y DESARROLLO
650 ## - PUNTO DE ACCESO ADICIONAL DE MATERIA--TÉRMINO DE MATERIA
Término de materia o nombre geográfico como elemento de entrada UNIVERSIDAD-INDUSTRIA
710 ## - ENTRADA AGREGADA--NOMBRE DE ENTIDAD CORPORATIVA
Nombre de entidad corporativa o nombre de jurisdicción como elemento de entrada CINDA
942 ## - ELEMENTOS DE ENTRADA SECUNDARIOS (KOHA)
Tipo de ítem Koha Libros
Existencias
Estatus retirado Estado de pérdida Fuente de la clasificación o esquema de estantería Estado de daño No para préstamo Biblioteca de origen Biblioteca actual Ubicación en estantería Fecha de adquisición Coste, precio normal de compra Total de préstamos Signatura topográfica completa Código de barras Copia número Tipo de ítem Koha Nota pública
    Clasificación Decimal Dewey     ESCUELA DE NEGOCIOS ESCUELA DE NEGOCIOS   10/07/2001 0.01   378.8 D-P 00389 2 Libros DOANADO

Copyright 2025 ESPOL. Todos los derechos reservados.